| 000 | 005330000a22001090004500 | ||
|---|---|---|---|
| 100 | 1 | _aTorrado, Santiago | |
| 245 | 1 | 0 | _aEspíritu picante |
| 300 | _aVol.0, núm.0 (2007), Páginas 14-15 | ||
| 520 | _aLa cocina peruana será la invitada a la tercera edición de Colombia provoca: una larga tradición que comenzó en el Imperio Inca, se alimentó de las migraciones orientales y ahora se ha convertido en una de las grandes cocinas del mundo. Hablan los invitados. | ||
| 773 | 0 | _tArcadia / Andrés Felipe Solano, Editor | |
| 942 | _cANA | ||
| 999 |
_c62315 _d62315 |
||